Photo Quiz: Musicians Named James #2 - Statistics

General Stats
  • This quiz has been taken 82 times
  • The average score is 5 of 20
Answer Stats
Picture Hint Answer % Correct
US 60's Jim Morrison
88%
USA Soul 60's/70's James Brown
87%
US Death Metal 80'/90's James Hetfield
62%
US 60's'70's (Give stage name or birth surname) Iggy Pop ( James Osterberg)
55%
UK Solo 2000's/2010's James Blunt
52%
US Singer Songwriter 70's Jim Croce
45%
N.Ireland Flautist 70's onwards James Galway
28%
UK 80's/90's Jim Kerr
28%
Jamaica 70's Reggae Jimmy Cliff
26%
US Soul 80's/90's James Ingram
20%
US Country Singer & TV Presenter 50's/60's Jimmy Dean
14%
US Rock Composer/Lyricist/Producer 70's/80's Jim Steinman
13%
UK New Wave (died 1982) James Honeyman-Scott
6%
UK Indie (Please give Stage Name) 90's Jim Bob (Jim Morrison)
3%
US Songwiter (1913-90) Jimmy Van Heusen
3%
US Singer/Songwriter 60's/70's (better known for the latter) Jimmy Webb
3%
US Punk/New Wave 70's Jimmy Destri
1%
US Blues 50's/60's Jimmy Reed
1%
US Blues Singer Late 40's/50's Jimmy Witherspoon
1%
US Jazz 1920's/30's James 'Fletcher' Henderson
0%
No matching quizzes found
Score Distribution
Percent of People with Each Score
Percentile by Number Answered
Your Score History
You have not taken this quiz